[Event "2nd Sharjah Masters 2018"]
[Site "Sharjah"]
[Date "2018.04.16"]
[Round "6"]
[White "Iturrizaga Bonelli, Eduardo"]
[Black "Inarkiev, Ernesto"]
[Result "1/2-1/2"]
[WhiteElo "2624"]
[BlackElo "2680"]
[Annotator "TA"]
[PlyCount "63"]
[EventDate "2018.??.??"]
[EventType "swiss"]
[EventCountry "UAE"]
[SourceTitle "playchess.com"]
[Source "ChessBase"]
[SourceQuality "1"]

{[%evp 26,63,18,19,21,15,26,19,26,24,0,0,16,19,24,29,23,21,18,10,14,0,0,0,0,0,0,0,0,0,0,0,0,0,0,0,0,0,0,0]} 1. d4 d5 2. Nf3 Nf6 3. c4 dxc4 4. e3 e6 5. Bxc4 c5 6. O-O a6 7. b3 b5 8. Be2 Nbd7 9. a4 b4 10. Bb2 Bb7 11. Nbd2 {[%cal Bb1d2,Bd2c4,Bc4d6][%mdl 32]} Be7 12. Rc1 {D27: Queen's Gambit Accepted: Classical main line: 7 e4!? and 7 a4} Rc8 (12... O-O 13. dxc5 Bxc5 14. Ne5 Rc8 15. Bf3 Nd5 16. Nxd7 Qxd7 17. Nc4 Qe7 18. Qe2 Ba7 19. g3 Bb8 {½-½ (58) Aronian,L (2793)-Caruana,F (2808) Stavanger 2017}) 13. Nc4 O-O 14. Nfe5 {LiveBook: 7 Games} Qc7 15. Nxd7 $146 ({Predecessor:} 15. Bf3 cxd4 16. exd4 Qb8 17. Qe2 Nxe5 18. dxe5 Bxf3 19. Qxf3 Nd5 20. Qg4 Rc7 21. Rfd1 Rd8 22. Rd3 h5 23. Qd1 Rdd7 24. g3 {½-½ (24) Shishkov,P (2376)-Seelig,J (2323) ICCF email 2015}) 15... Nxd7 16. dxc5 Rfd8 17. Nd6 Nxc5 18. Qd4 {[%csl Gb2][%cal Rd4g7] [#]} Bf6 (18... f6 {keeps more tension.} 19. Nxc8 Rxd4 20. exd4 Qxc8 21. dxc5 Qa8) 19. Qxc5 Qxd6 20. Qxd6 Rxd6 21. Rxc8+ Bxc8 {The position is equal.} 22. Rc1 Bb7 23. Bxf6 gxf6 $11 {[%mdl 4096] Endgame KRB-KRB} 24. Kf1 Rd2 25. Bf3 Bxf3 26. gxf3 {KR-KR} Rb2 27. Rc6 a5 28. Rc5 Rxb3 29. Rxa5 Rb2 30. Rb5 b3 31. a5 Ra2 32. Rxb3 {Precision: White = 89%, Black = 93%.} 1/2-1/2

[Event "2nd Sharjah Masters 2018"]
[Site "Sharjah"]
[Date "2018.04.16"]
[Round "6"]
[White "Maghsoodloo, Parham"]
[Black "Sethuraman, S P"]
[Result "1-0"]
[WhiteElo "2615"]
[BlackElo "2631"]
[Annotator "TA"]
[PlyCount "97"]
[EventDate "2018.??.??"]
[EventType "swiss"]
[EventCountry "UAE"]
[SourceTitle "playchess.com"]
[Source "ChessBase"]
[SourceQuality "1"]

{[%evp 17,97,-8,-12,0,10,4,15,15,12,12,12,16,11,12,40,18,39,39,91,81,82,65,112,75,75,84,115,124,115,115,115,115,114,115,134,124,108,121,124,97,133,96,112,97,144,114,118,122,188,156,211,204,221,223,212,190,228,221,216,201,220,205,206,188,183,136,430,408,431,432,932,898,1977,1601,12837,12838,12838,12838,12839,12839,12839,12838]} 1. Nf3 d5 2. g3 Nf6 3. Bg2 c5 4. c4 Nc6 5. cxd5 Nxd5 6. Nc3 Nc7 7. O-O e5 8. b3 Be7 9. Bb2 O-O {LiveBook: 40 Games. A34: Symmetrical English: 2 Nc3, lines with ...d5} 10. Ne1 (10. Rc1 f6 11. Ne1 Bd7 12. Nd3 Rc8 13. f4 exf4 14. Nxf4 Be8 15. e3 Bf7 16. Qe2 Re8 17. Ne4 Nb4 18. a3 Nba6 19. Nh5 {1-0 (28) Aronian,L (2815)-Svidler,P (2753) Flor & Fjaere 2014}) 10... Be6 $146 ({Predecessor:} 10... Bg4 11. Rc1 Qd7 12. Na4 Rad8 13. Nd3 Qxd3 14. exd3 Bxd1 15. Bxc6 bxc6 16. Rfxd1 f6 17. d4 cxd4 18. Rxc6 {0-1 (44) Tadic,B (2487)-Katanic Vujic,P (2293) Senta 2006}) 11. Bxc6 bxc6 {The position is equal.} 12. Nf3 f6 13. d3 Bh3 14. Re1 Ne6 15. Rc1 Qe8 16. Na4 Rd8 17. Rc4 Qg6 {[#]} ({Black should try} 17... Nf4 $14) 18. Ba3 $1 $16 Rd5 19. Qc1 Bg4 20. Bxc5 (20. Nh4 {with more complications.} Qh5 21. f3 Bh3 22. Nxc5 Nd4 23. Ng2) 20... Nxc5 21. Nxc5 Bxf3 22. exf3 {Strongly threatening Ne6.} Bxc5 23. Rxc5 Qxd3 24. Kg2 Rxc5 25. Qxc5 {[%mdl 4096] Endgame KQR-KQR} Qa6 26. Qc2 Rd8 27. Re3 h6 28. h4 Qb7 29. Rc3 Rd6 30. Rc5 Qb6 31. a4 Kh8 32. Rc4 a6 (32... Qb7 $16) 33. Rc5 Qb7 (33... a5 $16) 34. h5 Qb6 35. Qc3 Kh7 36. b4 Kh8 37. Qc4 Kh7 38. Qc2+ Kh8 39. Qc3 Kh7 40. Qc4 Kh8 41. Qf7 {And now Qf8+ would win.} Kh7 $2 {[%mdl 8192]} (41... Rd8 $16) 42. Qg6+ $18 Kh8 {[#]} 43. Rxe5 $1 {[%mdl 512] White is clearly winning.} fxe5 (43... Rd8 $142) 44. Qxd6 {KQ-KQ} Kh7 45. Qxe5 Qxb4 46. Qe4+ Qxe4 47. fxe4 Kg8 48. Kf3 Kf7 49. Ke3 {Precision: White = 84%, Black = 30%.} 1-0

[Event "2nd Sharjah Masters 2018"]
[Site "Sharjah"]
[Date "2018.04.16"]
[Round "6"]
[White "Petrosian, Tigran L"]
[Black "Eljanov, Pavel"]
[Result "1-0"]
[WhiteElo "2609"]
[BlackElo "2700"]
[Annotator "TA"]
[PlyCount "112"]
[EventDate "2018.??.??"]
[EventType "swiss"]
[EventCountry "UAE"]
[SourceTitle "playchess.com"]
[Source "ChessBase"]
[SourceQuality "1"]

{[%evp 28,112,16,5,16,0,10,0,3,-14,0,-40,-54,-57,-49,-77,-18,-42,0,0,0,0,0,-2,-14,-30,-31,-22,-29,-22,-27,-58,-58,-60,-63,-68,-65,-56,-58,-65,-63,-91,-96,-93,-82,-128,-125,-131,-114,-117,-123,-185,-179,-175,-55,-213,-203,-202,-58,-213,0,-135,-12,-12,-20,-15,-16,-17,0,0,0,0,0,0,0,0,0,0,0,0,0,0,0,0,0,0,-10]} 1. Nf3 Nf6 2. g3 d5 3. Bg2 e6 4. O-O Be7 5. b3 O-O 6. Bb2 c5 7. c4 Nc6 8. e3 d4 9. exd4 cxd4 10. Re1 Ne8 11. Ne5 {A14: English Opening: 1...e6 with b3 by White} Nxe5 12. Rxe5 f6 13. Re1 e5 14. Ba3 Bxa3 (14... Nd6 15. d3 Nf7 16. Bxe7 Qxe7 17. Nd2 Qc7 18. b4 Bd7 {½-½ (35) Giri,A (2782)-Nakamura,H (2787) Paris 2016}) 15. Nxa3 {LiveBook: 10 Games} Rb8 16. b4 $146 ({Predecessor:} 16. f4 Qe7 17. c5 Qxc5 18. Qc1 Qxc1 19. Raxc1 exf4 20. gxf4 {½-½ (58) Valdes Romero,L (2414)-Willemze,T (2377) Hoogeveen 2012}) 16... Nc7 17. d3 b6 18. Qa4 a6 19. f4 exf4 20. gxf4 Kh8 21. b5 Qd6 (21... a5 $17 {White must now prevent ...Ne6.} 22. Nc2 Ne6) 22. Nc2 a5 23. Qa3 $1 {[%cal Ra3d6]} Qxa3 24. Nxa3 Ne6 25. Rf1 Nc5 26. Nc2 Bf5 27. Nxd4 Bxd3 28. Rfc1 Rbd8 $36 {[%mdl 2048] Black is pushing.} 29. Nb3 {White wants to play Nxc5.} Ne6 30. a4 $1 Nxf4 {aiming for ...Ne2+.} 31. c5 Ne2+ 32. Kf2 Nxc1 33. Rxc1 bxc5 34. Nxc5 Bf5 35. b6 Rd2+ 36. Kg1 Rb2 37. b7 h5 38. Bc6 Rb8 39. Bb5 (39. Re1 $17) 39... Kh7 40. h4 g5 (40... Bg4 $19 41. Rf1 Kg6) 41. hxg5 $2 ({White must play} 41. Re1 $1 $15) 41... fxg5 $19 42. Re1 {[#]} h4 (42... Kh6 $1 $19 {Hoping for ...h4.} 43. Re7 Rd8) 43. Re7+ $2 {[#]} ({White should try} 43. Re5 $15 Bg6 44. Re7+ Kh6 45. Na6) 43... Kg6 $2 ({Black should play} 43... Kh6 $1 $19 44. Na6 Rd8) 44. Na6 (44. Re8 $1 $11 {was the only way to keep the balance.} Rxb7 45. Nxb7) 44... Rxb7 ({Better is} 44... Rb1+ $17 45. Kf2 Rh8) 45. Rxb7 $11 {And now Be8+ would win.The position is equal.} Kf6 46. Bc6 Rc2 47. Rb6 Ke5 48. Rb5+ $1 Kf4 49. Rc5 $1 Rd2 50. Nc7 h3 {[%cal Bh4h3,Bh3h2][%mdl 32]} 51. Nd5+ (51. Rxa5 {gets mated.} h2+ 52. Kf1 Be4 53. Ke1 Ra2 54. Rf5+ Kxf5 55. Bd7+ Ke5 56. Bh3 h1=Q+ 57. Bf1 Bg2 58. Ne8 Qxf1#) 51... Kg3 {[%cal Rd2d1]} 52. Ne3 Bd3 53. Rxg5+ Kf4 54. Rxa5 h2+ 55. Kh1 {Ng2+ is the strong threat.} Kxe3 56. Rh5 Be4+ {[%mdl 32768] Precision: White = 57%, Black = 58%. . Loss on Time!?} 1-0

[Event "2nd Sharjah Masters 2018"]
[Site "Sharjah"]
[Date "2018.04.16"]
[Round "6"]
[White "Tabatabaei, M amin"]
[Black "Jones, Gawain C B"]
[Result "0-1"]
[WhiteElo "2605"]
[BlackElo "2675"]
[Annotator "TA"]
[PlyCount "104"]
[EventDate "2018.??.??"]
[EventType "swiss"]
[EventCountry "UAE"]
[SourceTitle "playchess.com"]
[Source "ChessBase"]
[SourceQuality "1"]

{[%evp 15,104,15,26,15,16,0,0,0,10,0,0,0,0,0,0,0,0,0,0,0,0,0,0,0,31,21,34,0,16,0,0,0,0,-23,0,-26,18,21,59,59,59,59,61,59,96,69,94,94,99,108,97,98,106,23,33,0,24,32,18,0,0,0,33,0,0,0,0,0,8,0,0,0,0,-11268,-9010,-6685,-12818,-11268,-11904,-12819,-9610,-1758,-789,-12834,-11410,-8693,-6346,-29953,-11774,-29960,-5114]} 1. e4 e5 2. Nf3 Nc6 3. Bb5 a6 4. Ba4 Nf6 5. O-O b5 6. Bb3 Bc5 7. Nc3 O-O 8. d3 d6 {LiveBook: 15 Games. C78: Ruy Lopez: Archangelsk and Möller Defences} 9. Bg5 (9. Nd5 h6 10. c3 Rb8 11. Re1 Ba7 12. Be3 Bxe3 13. Nxe3 Re8 14. a4 b4 15. a5 bxc3 16. bxc3 {½-½ (66) Anand,V (2783)-Carlsen,M (2822) Saint Louis 2017}) 9... h6 $1 {[%cal Rh6g5]} 10. Bh4 Bg4 {The position is equal.} 11. Nd5 g5 12. h3 $146 ({Find the theoretical novelty and annotate with similar games:} 12. Bg3 Nd4 13. h4 Nxf3+ 14. gxf3 {1-0 (43) Kanakaris,G (1750)-Tsekouras,O (1390) Greece 2001}) 12... Bxf3 13. Qxf3 Kg7 14. Nxf6 Qxf6 15. Qxf6+ Kxf6 16. Bd5 Nd4 17. Bxa8 Rxa8 18. Bg3 {Black must now prevent c3.} Nxc2 19. Rad1 $1 Ke6 20. Kh2 f5 21. exf5+ (21. Rd2 $5 {[%cal Re4f5]} Nd4 22. f3 $11) 21... Kf6 22. a3 Nd4 23. Rc1 Nxf5 24. Rfe1 {[#] And now Bxe5+! would win.} Bb6 25. Re4 (25. f3 {NOTEXT} a5 26. Rc6 Ke7 27. Rc2 Nd4 28. Rd2) 25... c5 (25... Bd4 {NOTEXT} 26. Re2 c5 27. f3 Be3 28. Rc3 a5) 26. f3 Nxg3 27. Kxg3 $11 {[%mdl 4096] Endgame KRR-KRB} d5 28. Re2 $1 Rc8 29. b3 Rc6 30. h4 gxh4+ 31. Kxh4 Kf5 32. g3 {[%cal Bg2g3,Bg3g4][%mdl 32]} Bc7 33. Kh5 Bd6 34. f4 (34. Kxh6 $2 c4 $19) ({Better is} 34. a4 $16) 34... exf4 35. g4+ Kf6 36. Rce1 {[#] Strongly threatening Re6+.} Bf8 $1 37. Rf1 Bd6 $1 38. Rfe1 {aiming for Re6+.} Bf8 $1 39. Rf1 Bd6 $1 40. Kxh6 c4 41. bxc4 bxc4 42. dxc4 dxc4 {...c3 is the strong threat.} 43. g5+ Kf5 {Hoping for ...Bc5+.} 44. Kh5 $2 {[%mdl 8192]} (44. g6 $11) 44... Rc8 $19 {[%cal Rc8h8]} 45. Kh6 Be5 46. Rxe5+ Kxe5 {KR-KR} 47. g6 Ke4 48. g7 f3 (48... c3 $142 49. Re1+ Kd3) 49. Kh7 c3 {[%cal Bc4c3,Bc3c2][%mdl 32]} 50. Re1+ Kd3 51. Rd1+ Ke2 52. Rd6 c2 {Precision: White = 46%, Black = 71%.} 0-1

[Event "2nd Sharjah Masters 2018"]
[Site "Sharjah"]
[Date "2018.04.16"]
[Round "6"]
[White "Firouzja, Alireza"]
[Black "Hejazipour, Mitra"]
[Result "1-0"]
[WhiteElo "2572"]
[BlackElo "2304"]
[Annotator "TA"]
[PlyCount "127"]
[EventDate "2018.??.??"]
[EventType "swiss"]
[EventCountry "UAE"]
[SourceTitle "playchess.com"]
[Source "ChessBase"]
[SourceQuality "1"]

{[%evp 18,127,15,12,13,27,22,0,8,-10,-9,0,-1,-11,12,10,16,13,14,11,90,87,85,89,94,97,81,79,279,278,280,283,277,274,274,275,268,256,238,252,739,629,591,348,336,247,245,148,267,277,263,252,252,250,320,313,294,283,277,247,365,365,358,0,352,342,327,338,316,302,262,205,198,196,196,198,198,198,198,193,12831,12831,12835,12835,12836,12835,12836,12835,12839,12839,12840,12840,12841,12841,12842,12843,12843,12843,12844,12844,12845,12845,12845,12846,12846,12847,12847,12847,12847,12848,12848,12849]} 1. d4 Nf6 2. c4 e6 3. Nf3 d5 4. Nc3 c5 5. cxd5 cxd4 6. Qa4+ Bd7 7. Qxd4 exd5 8. Bg5 Nc6 {D41: Queen's Gambit Declined: Semi-Tarrasch with 5 cxd5} 9. Qd2 Be6 10. e3 {LiveBook: 5 Games} h6 {The position is equal.} (10... Be7 11. Bd3 O-O 12. O-O h6 13. Bf4 a6 14. h3 b5 15. Rac1 Rc8 16. a4 {½-½ (34) Zhou,J (2565)-Wei,Y (2625) Xinghua 2014}) 11. Bxf6 Qxf6 12. a3 $146 ({Predecessor:} 12. Bb5 Bc5 13. Nxd5 Bxd5 14. Qxd5 Bb4+ 15. Kf1 O-O 16. Bxc6 bxc6 17. Qd4 Qe7 18. a3 Bd6 19. Ke2 Rfd8 20. Qc3 Qb7 21. Rhd1 Be7 22. Nd4 {½-½ (64) Vaarala,E (1964)-Porte,H (2115) Helsingor 2009}) 12... Be7 13. Be2 O-O 14. O-O Rfd8 15. Rfd1 Na5 {next ...Nb3 is good for Black.} 16. Nd4 Nc4 17. Qc2 Rac8 18. Qb3 Rd6 (18... Bd6 $11 {remains equal.}) 19. Qxb7 $16 Rb6 20. Qxc8+ $1 Bxc8 21. Nxd5 Qe5 22. Bxc4 Rg6 $2 ({But not} 22... Rxb2 $2 23. Nc6 $18) (22... Rd6 $16 {is a better defense.}) 23. Nf3 $1 $18 {[%cal Rf3e5]} Qe4 {...Rxg2+! is the strong threat.} 24. Rd4 Rxg2+ 25. Kxg2 {[%cal Bg1g2,Bg2g3,Bg3f3][%mdl 32]} Bh3+ 26. Kg3 Bd6+ 27. Nf4 Qf5 {[%csl Gh3][%cal Rf5g4]} 28. Ne5 $1 g5 $2 (28... Qxe5 29. Kxh3 g5) 29. Rxd6 Qxe5 30. Rd4 Bf5 {intending ...Be4.} 31. Kf3 gxf4 32. Rg1+ Kh7 (32... Kf8 $16) 33. Rxf4 Bg6 34. h4 Qxb2 35. Kg3 Qg7 36. Kh2 Qe5 37. Rg3 Qe7 38. a4 a5 (38... Kh8 $142 39. Bd5 a5) 39. Bd5 Kh8 40. Bc4 Kh7 $1 41. Kg1 Qd7 42. Be2 Qd5 43. Kh2 Qe5 44. h5 Bf5 45. Bc4 Be6 46. Bxe6 fxe6 {[%mdl 4096] Endgame [#] KQ-KRR} 47. Rh3 $1 Qg5 48. Rhh4 e5 $2 (48... Qd5 49. Rf7+ Kh8) 49. Rfg4 {White is clearly winning.} Qf5 50. Kg2 Qf6 51. Rh3 Qc6+ 52. Rf3 Qd5 53. e4 Qb7 54. Rfg3 Kh8 55. Rg8+ Kh7 {[#]} 56. R3g7+ $1 Qxg7+ 57. Rxg7+ Kxg7 {[#]} 58. f4 $1 {[%mdl 512]} exf4 {K3P-K3P} 59. Kf3 Kf6 60. Kxf4 Ke6 61. e5 {[%cal Be4e5,Be5e6][%mdl 32]} Ke7 62. Kf5 Kf7 63. e6+ Ke7 {[#]} 64. Ke5 $1 {Precision: White = 81%, Black = 46%.} ({And not} 64. Kg6 Kxe6 65. Kg7 (65. Kxh6 Kf7 $11) 65... Ke7 $11) 1-0

[Event "2nd Sharjah Masters 2018"]
[Site "Sharjah"]
[Date "2018.04.16"]
[Round "6"]
[White "Narayanan S L"]
[Black "Wang, Hao"]
[Result "0-1"]
[WhiteElo "2568"]
[BlackElo "2707"]
[Annotator "TA"]
[PlyCount "84"]
[EventDate "2018.??.??"]
[EventType "swiss"]
[EventCountry "UAE"]
[SourceTitle "playchess.com"]
[Source "ChessBase"]
[SourceQuality "1"]

{[%evp 17,84,14,45,39,46,29,43,36,33,0,0,0,51,24,66,41,31,51,39,-35,-32,-54,-52,-47,-58,-60,-24,-94,-93,-104,-85,-89,-65,-211,-208,-199,-204,-251,-243,-250,-245,-253,-236,-220,-209,-256,-240,-263,-256,-306,-297,-337,-341,-320,-274,-294,-289,-329,-314,-557,-556,-594,-501,-1245,-1171,-1504,-1613,-1612,-1546]} 1. d4 Nf6 2. c4 e6 3. Nf3 d5 4. Nc3 Nbd7 5. Qc2 c6 6. e3 b6 7. Bd3 Bb7 8. b3 {D45: Semi-Slav: 5 e3} dxc4 9. bxc4 c5 {LiveBook: 3 Games} 10. d5 {White is slightly better.} exd5 11. cxd5 Nxd5 12. Nxd5 Bxd5 13. O-O Be7 14. Rd1 Qc7 {[#]} (14... Bf6 $11 15. Rb1 Be6) 15. Bb2 $146 {[%mdl 1024] Black must now prevent Bb5. White has compensation.} ({Predecessor:} 15. Be4 Bxe4 16. Qxe4 Rc8 17. Bb2 {0-1 (30) Ghosh,D (2550)-Wang,H (2707) Al Ain 2015}) 15... Bc6 16. Bf5 Nf6 {[%cal Bd7f6,Bf6e4,Be4g5][%mdl 32]} 17. e4 Qb7 18. Ne5 (18. Ng5 $14) 18... Bxe4 $15 19. Bxe4 Qxe4 20. Qxe4 Nxe4 21. Re1 $1 {[%cal Re1e4]} Ng5 22. f4 (22. Nc6 $11 {remains equal.} Ne6 23. Bxg7) 22... Ne6 $17 23. Nc6 {[#] And now f5 would win.} Bf6 24. Bxf6 gxf6 25. f5 (25. Rad1 $15 O-O 26. f5) 25... Kd7 $19 26. fxe6+ fxe6 ({Stronger than} 26... Kxc6 27. exf7 Rhf8 28. Re6+ Kd7 29. Rxf6 $11) 27. Rad1+ Kxc6 28. Rxe6+ {[%mdl 4096] Endgame KRR-KRR} Kb5 29. Rxf6 Rad8 30. Rb1+ Ka6 31. h4 Rhg8 32. Rb3 {If White can now play Ra3+ this consolidates a bit.} Rd2 33. Ra3+ Kb5 34. Rb3+ Kc4 35. Rf4+ Rd4 36. Rf7 Rdg4 ({Don't take} 36... Rxh4 37. Rxa7 b5 38. Rb2 $19) 37. Rb2 R8g7 ({Less strong is} 37... Rxh4 38. Rxa7 Rh6 39. Re7 $17) 38. Rxg7 $2 (38. Rf3 {might work better.}) 38... Rxg7 {Black is clearly winning.} 39. Kf2 Kd3 {[#] Strongly threatening ...c4.} 40. Rb3+ (40. Ke1 $142 h5 41. Rf2) 40... Kc2 41. Re3 c4 42. Re2+ Kb1 {Precision: White = 31%, Black = 76%.} 0-1

[Event "2nd Sharjah Masters 2018"]
[Site "Sharjah"]
[Date "2018.04.16"]
[Round "6"]
[White "Petrosyan, Manuel"]
[Black "Artemiev, Vladislav"]
[Result "0-1"]
[WhiteElo "2560"]
[BlackElo "2701"]
[Annotator "TA"]
[PlyCount "118"]
[EventDate "2018.??.??"]
[EventType "swiss"]
[EventCountry "UAE"]
[SourceTitle "playchess.com"]
[Source "ChessBase"]
[SourceQuality "1"]

{[%evp 24,118,13,11,11,11,11,11,11,15,15,13,18,18,8,0,5,-6,-7,-67,-46,-95,-104,-95,-85,-97,-93,-90,-87,-89,-81,-113,-111,-139,-140,-145,-139,-148,-141,-141,-126,-203,-207,-208,-208,-207,-207,-207,-207,-208,-208,-208,-208,-208,-208,-208,-208,-208,-208,-208,-208,-208,-208,-208,-208,-208,-208,-208,-208,-208,-208,-208,-208,-208,-190,-197,0,-208,-208,-208,-197,-208,-208,-208,-208,-253,-208,-208,0,-245,-227,-12842,-12843,-12847,-12847,-12849,-12849]} 1. d4 Nf6 2. c4 g6 3. Nc3 d5 4. cxd5 Nxd5 5. e4 Nxc3 6. bxc3 Bg7 7. Be3 c5 8. Rc1 Qa5 9. Qd2 O-O 10. Nf3 Rd8 11. d5 e6 12. Bg5 {D85: Exchange Grünfeld: Unusual White 7th moves and lines with 7 Nf3} f6 13. c4 {LiveBook: 10 Games} Nc6 14. Qxa5 {The position is equal.} Nxa5 15. Bd2 b6 16. Bd3 Nb7 17. O-O {[#]} Nd6 $146 ({Predecessor:} 17... Bd7 18. Rfe1 Re8 19. Bc3 Rad8 {½-½ (71) Melkumyan,H (2583)-Sasikiran,K (2653) Moscow 2010}) 18. Rfe1 Bd7 19. h3 Rac8 20. Rb1 Re8 21. Bc3 ({White should play} 21. Rbc1 $11) 21... exd5 $1 $15 22. cxd5 {[#]} Ba4 $1 23. Ba6 {aiming for e5.} Rcd8 24. e5 fxe5 25. Bxe5 Bxe5 26. Nxe5 Kf8 27. Nc6 Rd7 28. Rbc1 Rxe1+ 29. Rxe1 Bxc6 30. dxc6 $17 {[%mdl 4096] Endgame KRB-KRN} Rc7 31. a4 Nf5 32. a5 (32. Bb5 $17) 32... Rxc6 $19 33. Bb5 Rc7 34. axb6 axb6 35. Re6 c4 {Threatens to win with ...c3.} 36. Rxb6 c3 {[#] White must now prevent ...c2.} 37. Bd3 {intending Bxf5.} c2 38. Bxc2 Rxc2 {KRN-KR} 39. g3 Kf7 40. Rb7+ Ne7 41. h4 Kf6 42. Kg2 h6 43. Rb6+ Rc6 44. Rb2 Nf5 45. Ra2 Nd6 46. Ra4 Nc4 47. Ra8 Ne5 48. Ra2 Nd3 49. Ra3 Ne5 50. Ra2 $1 Kf5 51. Rd2 Rc1 52. Rd8 Rc2 53. Rf8+ Ke6 54. Kg1 Kd5 55. Kg2 Ke6 56. Kg1 $1 Ke7 57. Rf4 $2 (57. Rg8) 57... Rc4 {Black is clearly winning.} 58. h5 Rxf4 59. gxf4 Nd3 {Precision: White = 41%, Black = 89%.} 0-1

[Event "2nd Sharjah Masters 2018"]
[Site "Sharjah"]
[Date "2018.04.16"]
[Round "6"]
[White "Abdusattorov, Nodirbek"]
[Black "Adhiban, B."]
[Result "1/2-1/2"]
[WhiteElo "2540"]
[BlackElo "2661"]
[Annotator "TA"]
[PlyCount "180"]
[EventDate "2018.??.??"]
[EventType "swiss"]
[EventCountry "UAE"]
[SourceTitle "playchess.com"]
[Source "ChessBase"]
[SourceQuality "1"]

{[%evp 18,179,18,10,20,0,0,0,8,11,15,0,2,0,4,0,0,-8,20,0,0,-9,0,-1,0,0,0,0,0,0,0,0,0,0,10,10,12,8,8,10,20,0,0,0,4,0,0,0,0,0,0,0,0,-101,-37,-42,-47,-43,-45,-53,-23,-11,-9,-76,-76,-76,-76,-102,0,0,0,-116,-116,-116,-116,-116,-75,-120,-81,-81,-81,-81,-81,-130,0,0,0,-130,-122,-130,-130,-81,-81,-81,-124,-115,-81,-81,-81,-81,-81,-81,-8,-81,-81,-81,-81,-81,-8,-8,0,-81,0,-81,-81,-81,-81,-81,-8,-81,-81,-81,-81,-81,-81,-81,-8,-8,-8,-8,-8,-8,-8,-8,-8,-8,-8,-8,0,0,0,0,0,0,0,0,0,0,0,0,0,0,0,0,0,0,0,0,0,0,0,0,0,0]} 1. e4 e5 2. Nf3 Nc6 3. Bb5 a6 4. Ba4 Nf6 5. O-O b5 6. Bb3 Bb7 7. d3 Be7 8. Nc3 d6 9. a3 O-O 10. Bg5 {LiveBook: 6 Games} h6 {C84: Closed Ruy Lopez: Unusual White 6th moves} (10... Qd7 11. Qd2 Nd8 12. Nh4 Ne6 13. Nf5 Bd8 14. f4 exf4 15. Bxf4 d5 16. exd5 Nxd5 17. Be5 f6 18. Bg3 Nxc3 19. Qxc3 {1-0 (29) Kovalev,V (2636)-Pavasovic,D (2548) Heraklio 2017}) 11. Bxf6 Bxf6 12. Nd5 Nb8 13. a4 Nd7 $146 ({Predecessor:} 13... Bxd5 14. Bxd5 c6 15. Bb3 Nd7 16. c3 Nc5 17. Bc2 Ne6 18. Re1 {0-1 (54) Gundavaa,B (2517)-Tsydypov,Z (2430) Ulaanbaatar 2016}) 14. axb5 axb5 15. Rxa8 Bxa8 16. Qd2 c6 17. Nxf6+ Qxf6 18. Qe3 Bb7 19. c3 c5 20. Nd2 Qe7 21. Ra1 Ra8 22. Rxa8+ Bxa8 23. Qe1 Nf6 24. Qa1 Bc6 25. Qa5 Ne8 26. Nf1 Qc7 27. Qa2 g6 28. Ne3 Nf6 29. h3 Kg7 30. Qa6 Qb7 $36 {[%mdl 2048] Black has good play.} 31. Qa5 c4 32. dxc4 bxc4 33. Bxc4 Qxb2 34. Qc7 Be8 35. Qe7 (35. Bd5 $11) 35... Nxe4 (35... Qb1+ $1 $17 36. Kh2 Qxe4) 36. Qxe8 $15 Qxf2+ 37. Kh1 Qf4 {And now ...Ng3+ would win.} 38. Nf1 $1 d5 {[%cal Bd6d5,Bd5d4][%mdl 32]} 39. Ba6 Nxc3 40. Qc6 (40. Nh2 $1 $11) 40... d4 $17 {[%mdl 1024] Black has strong compensation.} 41. Bc4 e4 42. Qd7 e3 {[#]} (42... d3 $1 $17 43. Qd4+ Qf6 44. Qxf6+ Kxf6) 43. Ng3 $1 $11 {[%mdl 512]} h5 {[#]} (43... Qxg3 44. Qxf7+) 44. Nf5+ (44. Bxf7 $1 $11 {[%mdl 512] was the only way to keep the balance.} Qxf7 45. Qxd4+ Qf6 46. Qa7+ Kg8 47. Qb8+ Kh7 48. Qa7+ Qg7 49. Qxe3) 44... Qxf5 $17 45. Qxd4+ Qf6 46. Qxe3 h4 47. Qd3 Na4 48. Bxf7 Qa1+ (48... Kxf7 49. Qd7+ Qe7 50. Qxa4 $11) (48... Qxf7 $6 49. Qd4+ Qf6 50. Qxa4 $11) 49. Kh2 Qe5+ 50. Kh1 Qa1+ ({Much worse is} 50... Kxf7 $6 51. Qc4+ Qe6 52. Qf4+ Kg7 53. Qd4+ Kf7 54. Qf4+ Kg7 55. Qd4+ Kg8 56. Qxa4 $11) (50... Qe1+ $17 51. Kh2 Qg3+ 52. Qxg3 hxg3+ 53. Kxg3 Kxf7) 51. Kh2 $11 Qe5+ (51... Kxf7 $11 52. Qd7+ Kf6 53. Qd6+ Kf5 54. Qd7+ Kf4) 52. Kh1 $17 Qe1+ ({Reject} 52... Kxf7 $6 53. Qc4+ Kg7 54. Qxa4 $11) 53. Kh2 Qg3+ $1 ({Of course not} 53... Kxf7 $6 54. Qd7+ Kf6 55. Qxa4 $11) 54. Qxg3 hxg3+ 55. Kxg3 Kxf7 {[%mdl 4096] Endgame KN-KPP} 56. h4 Kg7 57. Kf4 {[#]} Kh6 $1 58. g4 Nc3 59. Ke5 Nb1 ({Black should play} 59... Na2 $17 {Strongly threatening ...Nb4.} 60. Ke4 Nc3+ 61. Ke5 Ne2) 60. Kf4 (60. Ke4 $1 $11) 60... Nd2 61. Ke3 Nb3 62. Ke4 Kh7 ({Better is} 62... Nc5+ $17 63. Ke3 Kg7) 63. Kf4 $11 Kh6 (63... Nc5 $11) 64. Ke4 $17 Nd2+ 65. Ke3 Nc4+ 66. Kd4 Nd6 (66... Nb6 {looks sharper.} 67. Ke5 Nd7+ 68. Kf4 Nf8 69. Ke5 Kg7) 67. Ke5 Nf7+ (67... Ne8 $17 68. Kf4 Nd6) 68. Kf4 (68. Ke6 $11 {keeps the balance.} Kg7 69. h5) 68... Nd8 69. Ke4 Kg7 70. Ke5 Nf7+ 71. Kf4 {[#]} Kf6 ({Black should try} 71... Kh6 $1 $17 {...Nd8 is the strong threat.} 72. Ke4 Nd6+ 73. Ke5 Nb7) 72. g5+ $1 $11 {The position is equal.} Kg7 73. Kg4 Ne5+ 74. Kf4 Nc4 75. Kg4 Ne3+ (75... Nb2 $5) 76. Kf4 Ng2+ (76... Nd1 {keeps more tension.} 77. Kg4 Nf2+ 78. Kg3 Ne4+ 79. Kf3 Nd2+) 77. Kg3 {[#]} Nxh4 $1 {[%mdl 512]} 78. Kxh4 {KP-KP} Kf7 79. Kg4 Ke6 80. Kf3 Kf5 81. Kg2 Kxg5 {KP-K} 82. Kg3 Kf5 {[%cal Bg5f5,Bf5f4,Bf4g4,Bg4f3,Bf3g3][%mdl 32]} 83. Kf3 g5 84. Kg3 {[%cal Bf3g3,Bg3g2,Bg2f2][%mdl 32]} g4 85. Kg2 Kf4 86. Kf2 g3+ 87. Kg2 Kg4 88. Kg1 Kf3 {( -> ...g2)} 89. Kf1 g2+ $2 {[%mdl 8192]} (89... Ke4 90. Kg2 Kf5) 90. Kg1 Kg3 {Precision: White = 71%, Black = 61%.} 1/2-1/2